[Event "Pereira Cosecha op"]
[Site "Pereira"]
[Date "2024.08.31"]
[Round "6"]
[White "Hurtado Manrique, Jorge Uriel"]
[Black "Zapata Sanchez, Carlos Mario"]
[Result "0-1"]
[WhiteElo "1547"]
[BlackElo "1768"]
[PlyCount "64"]
[EventDate "2024.08.28"]
[EventType "swiss"]
[EventRounds "9"]
[EventCountry "COL"]
[SourceTitle "EXT 2025"]
[Source "ChessBase"]
[SourceDate "2024.10.14"]
[SourceVersion "1"]
[SourceVersionDate "2024.10.14"]
[SourceQuality "1"]

1. d4 Nf6 2. Bf4 e6 3. Nf3 c5 4. c3 d5 5. e3 Qb6 6. Qb3 c4 7. Qxb6 axb6 8. Be2 b5 9. a3 Nc6 10. Nbd2 b4 11. Nb1 Be7 12. 0-0 0-0 13. Nfd2 b5 14. g4 Bb7 15. f3 Ra7 16. e4 Rfa8 17. e5 Nd7 18. g5 bxc3 19. Nxc3 Nxd4 20. Bd1 b4 21. Ncb1 bxa3 22. bxa3 Bc5 23. Kg2 Nc6 24. Bc2 Ndxe5 25. Bxe5 Nxe5 26. Re1 Bc6 27. Ra2 Ng6 28. Bxg6 hxg6 29. Rc1 Be3 30. Rc3 Bxg5 31. Nxc4 dxc4 32. Rxc4 Bd5 0-1

[Event "Pereira Cosecha op"]
[Site "Pereira"]
[Date "2024.08.31"]
[Round "7"]
[White "Zapata Sanchez, Carlos Mario"]
[Black "Restrepo, Hugo"]
[Result "0-1"]
[WhiteElo "1768"]
[BlackElo "1683"]
[PlyCount "46"]
[EventDate "2024.08.28"]
[EventType "swiss"]
[EventRounds "9"]
[EventCountry "COL"]
[SourceTitle "EXT 2025"]
[Source "ChessBase"]
[SourceDate "2024.10.14"]
[SourceVersion "1"]
[SourceVersionDate "2024.10.14"]
[SourceQuality "1"]

1. d4 Nf6 2. Bf4 e6 3. e3 d5 4. Nf3 Be7 5. Bd3 0-0 6. h3 c5 7. c3 Nc6 8. Nbd2 c4 9. Bc2 b5 10. e4 dxe4 11. Nxe4 Nd5 12. Bh2 f5 13. Ned2 Bf6 14. 0-0 Bb7 15. Re1 Re8 16. Ne5 Nxe5 17. Bxe5 Bxe5 18. Rxe5 Nf4 19. Nf3 g5 20. Rxb5 Bd5 21. Ne1 g4 22. hxg4 Qg5 23. Qc1 Ne2+ 0-1

[Event "Pereira Cosecha op"]
[Site "Pereira"]
[Date "2024.08.30"]
[Round "5"]
[White "Zapata Sanchez, Carlos Mario"]
[Black "Dominguez De la Torre, Sebastian"]
[Result "0-1"]
[WhiteElo "1768"]
[BlackElo "1604"]
[PlyCount "88"]
[EventDate "2024.08.28"]
[EventType "swiss"]
[EventRounds "9"]
[EventCountry "COL"]
[SourceTitle "EXT 2025"]
[Source "ChessBase"]
[SourceDate "2024.10.14"]
[SourceVersion "1"]
[SourceVersionDate "2024.10.14"]
[SourceQuality "1"]

1. d4 d5 2. Bf4 e6 3. Nf3 Nf6 4. e3 a6 5. Bd3 Nbd7 6. Nbd2 c5 7. c3 Be7 8. h3 b5 9. a3 Bb7 10. Ne5 Qb6 11. Qe2 Rc8 12. Rc1 c4 13. Bc2 a5 14. e4 b4 15. axb4 axb4 16. 0-0 0-0 17. exd5 Nxe5 18. Bxe5 Bxd5 19. f4 Nd7 20. f5 Nxe5 21. Qxe5 Bf6 22. Qe2 e5 23. Ne4 Bxe4 24. Qxe4 exd4 25. Kh1 bxc3 26. bxc3 dxc3 27. Rb1 Qc6 28. Qg4 Rcd8 29. Rb4 Rd4 30. Qg3 Rd2 31. Rc1 Be5 32. Qg4 h5 33. Rxc4 Qh6 34. Qe4 Rd4 35. Rxd4 Bxd4 36. Ra1 Bb6 37. Qd3 Bd8 38. Ra8 Qc1+ 39. Qd1 Qxd1+ 40. Bxd1 Re8 41. Bxh5 c2 42. Ra1 Bg5 43. Ra7 c1Q+ 44. Kh2 Bf4+ 0-1

[Event "Pereira Cosecha op"]
[Site "Pereira"]
[Date "2024.08.29"]
[Round "2"]
[White "Cano Alcaraz, Juan Jose"]
[Black "Zapata Sanchez, Carlos Mario"]
[Result "1-0"]
[WhiteElo "1997"]
[BlackElo "1768"]
[PlyCount "69"]
[EventDate "2024.08.28"]
[EventType "swiss"]
[EventRounds "9"]
[EventCountry "COL"]
[SourceTitle "EXT 2025"]
[Source "ChessBase"]
[SourceDate "2024.10.14"]
[SourceVersion "1"]
[SourceVersionDate "2024.10.14"]
[SourceQuality "1"]

1. e4 e5 2. Nf3 Nc6 3. Bb5 a6 4. Ba4 Nf6 5. 0-0 Be7 6. d3 b5 7. Bb3 d6 8. a4 Bb7 9. c3 0-0 10. Re1 Re8 11. Nbd2 Bf8 12. Nf1 h6 13. Ng3 g6 14. h4 h5 15. Ng5 Re7 16. f4 exf4 17. Bxf4 Ne5 18. Bxe5 dxe5 19. Rf1 Qd6 20. Bxf7+ Rxf7 21. Qb3 Bd5 22. exd5 Rd7 23. N5e4 Nxe4 24. Nxe4 Qb6+ 25. Kh1 Bg7 26. d6+ Kh8 27. Qe6 Rxd6 28. Nxd6 Qxd6 29. Qxd6 cxd6 30. axb5 a5 31. Ra4 d5 32. Rfa1 Kh7 33. Rxa5 Rf8 34. b6 Bh6 35. Ra7+ 1-0

[Event "Pereira Grajales Memorial"]
[Site "Pereira"]
[Date "2024.06.09"]
[Round "5"]
[White "Zapata Sanchez, Carlos Mario"]
[Black "Ocampo Bueno, Cristian"]
[Result "0-1"]
[WhiteElo "1759"]
[BlackElo "1798"]
[PlyCount "108"]
[EventDate "2024.06.07"]
[EventType "swiss"]
[EventRounds "7"]
[EventCountry "COL"]
[SourceTitle "CBM 220 Extra"]
[Source "ChessBase"]
[SourceDate "2024.07.31"]
[SourceVersion "1"]
[SourceVersionDate "2024.07.31"]
[SourceQuality "1"]

1. d4 f5 2. Bf4 Nf6 3. Nf3 b6 4. e3 e6 5. h3 Bb7 6. Bd3 Ne4 7. Ne5 Qh4 8. g3 Qf6 9. h4 g6 10. f3 Nd6 11. Nd2 Bg7 12. Bg5 Qf8 13. h5 Nf7 14. Nxf7 Qxf7 15. Qe2 gxh5 16. Qh2 h6 17. Bf4 d6 18. e4 Bxd4 19. c3 Bf6 20. exf5 e5 21. Be3 h4 22. g4 Nd7 23. Bf2 Bg5 24. Be2 0-0-0 25. Bxh4 d5 26. Bxg5 hxg5 27. Qxh8 Rxh8 28. Rxh8+ Nf8 29. Kf2 a6 30. Rah1 Kb8 31. R1h7 Qxh7 32. Rxh7 Nxh7 33. Nf1 Nf6 34. Ng3 Bc8 35. c4 c6 36. Kg2 a5 37. a4 Kc7 38. Kf2 Kd6 39. Ke3 Kc5 40. cxd5 cxd5 41. Kd2 Kd4 42. Bb5 e4 43. fxe4 dxe4 44. Bc6 e3+ 45. Ke1 Nxg4 46. Bf3 Nf6 47. Ke2 Ba6+ 48. Kd1 Ke5 49. Bc6 Kf4 50. Ne2+ Kxf5 51. Nd4+ Ke5 52. Nf3+ Kf4 53. Nd4 Kg3 54. Nf5+ Kf2 0-1

[Event "Pereira Grajales Memorial"]
[Site "Pereira"]
[Date "2024.06.08"]
[Round "2"]
[White "Zuloaga, Jose Hader"]
[Black "Zapata Sanchez, Carlos Mario"]
[Result "0-1"]
[WhiteElo "1604"]
[BlackElo "1759"]
[PlyCount "60"]
[EventDate "2024.06.07"]
[EventType "swiss"]
[EventRounds "7"]
[EventCountry "COL"]
[SourceTitle "CBM 220 Extra"]
[Source "ChessBase"]
[SourceDate "2024.07.31"]
[SourceVersion "1"]
[SourceVersionDate "2024.07.31"]
[SourceQuality "1"]

1. e4 e5 2. Nf3 Nc6 3. Nc3 Nf6 4. Bb5 Bc5 5. 0-0 d6 6. h3 0-0 7. d3 h6 8. Na4 Nd4 9. Nxc5 Nxb5 10. Nb3 c6 11. Be3 Re8 12. Nh2 d5 13. exd5 cxd5 14. f3 Nd6 15. Ng4 Nf5 16. Bf2 Nh5 17. Re1 Qc7 18. Qd2 Nf4 19. Kh1 h5 20. Nxe5 Rxe5 21. Rxe5 Qxe5 22. Re1 Qc7 23. Re8+ Kh7 24. g4 Nd6 25. Rxc8 Nxc8 26. Bg3 g5 27. h4 f6 28. Nd4 Qe5 29. c3 Nd6 30. hxg5 fxg5 0-1

[Event "COL-ch sf"]
[Site "Pereira"]
[Date "2024.03.30"]
[Round "9"]
[White "Torres Loaiza, Ricardo Julian"]
[Black "Zapata Sanchez, Carlos Mario"]
[Result "0-1"]
[WhiteElo "1567"]
[BlackElo "1707"]
[PlyCount "90"]
[EventDate "2024.03.26"]
[EventType "swiss"]
[EventRounds "11"]
[EventCountry "COL"]
[SourceTitle "CBM 219 Extra"]
[Source "ChessBase"]
[SourceDate "2024.05.31"]
[SourceVersion "1"]
[SourceVersionDate "2024.05.31"]
[SourceQuality "1"]

1. e4 e5 2. Nf3 Nc6 3. Bc4 Bc5 4. h3 Nf6 5. d3 h6 6. 0-0 0-0 7. Nc3 d6 8. a3 a6 9. Bd2 Be6 10. Ba2 Re8 11. Ne2 Qe7 12. Ng3 Nd4 13. Nh4 Nh7 14. Nhf5 Qf6 15. Qg4 Qg6 16. Qxg6 fxg6 17. Nxd4 Bxd4 18. c3 Bb6 19. Be3 Bxe3 20. fxe3 Bxa2 21. Rxa2 Rf8 22. b4 a5 23. b5 Rad8 24. d4 Ng5 25. d5 h5 26. h4 Nh7 27. c4 Nf6 28. Raf2 Ng4 29. Rf3 Rf6 30. Ne2 Rdf8 31. Rxf6 Rxf6 32. Rf3 Rxf3 33. gxf3 Nxe3 34. f4 Nxc4 35. a4 Kf7 36. fxe5 dxe5 37. Kf2 Nb2 38. Nc3 Nc4 39. Ke2 Kf6 40. Kd3 Nd6 41. Ne2 g5 42. hxg5+ Kxg5 43. Ng3 h4 44. Nh1 Kf4 45. Ke2 Kxe4 0-1

[Event "Pereira Fiestas de la Cosecha op"]
[Site "Pereira"]
[Date "2023.08.26"]
[Round "4"]
[White "Huertas, Leonel"]
[Black "Zapata Sanchez, Carlos Mario"]
[Result "1-0"]
[WhiteElo "1672"]
[BlackElo "1362"]
[PlyCount "117"]
[EventDate "2023.08.24"]
[EventType "swiss"]
[EventRounds "7"]
[EventCountry "COL"]
[SourceTitle "CBM 216 Extra"]
[Source "ChessBase"]
[SourceDate "2023.11.30"]
[SourceVersion "1"]
[SourceVersionDate "2023.11.30"]
[SourceQuality "1"]

1. c4 e5 2. Nc3 Nf6 3. Nf3 Nc6 4. g3 d5 5. cxd5 Nxd5 6. Bg2 Nb6 7. d3 Be7 8. 0-0 0-0 9. a3 a5 10. Be3 Be6 11. Rc1 Nd5 12. Bd2 h6 13. Nb5 Bf6 14. Ne1 Re8 15. Rc5 Rc8 16. Qc1 Be7 17. Rc2 Bd6 18. f4 exf4 19. gxf4 Bf8 20. f5 Bxf5 21. Rxf5 Nde7 22. Rf2 Qd7 23. a4 Nd5 24. e4 Nde7 25. Be3 Ng6 26. Qd1 Nh4 27. Qh5 g5 28. Bf1 f5 29. Bh3 Bb4 30. Nc3 Ne5 31. Nd5 Qg7 32. Nxb4 axb4 33. Bxf5 Rcd8 34. d4 Nc6 35. d5 Nxf5 36. Rxf5 Rxe4 37. Bf2 Nd4 38. Rc4 Ne2+ 39. Kf1 Rxc4 40. Qxe2 Rf4 41. Qe6+ Kh7 42. Rxf4 gxf4 43. Nf3 Rf8 44. Bd4 Qf7 45. Qe4+ Kg8 46. Ne5 Qf5 47. Qf3 Re8 48. Qg2+ Kh7 49. Qe2 f3 50. Qe3 Qb1+ 51. Kf2 Qc2+ 52. Kxf3 Rf8+ 53. Kg3 Rf5 54. Ng4 Rg5 55. h4 Rg6 56. h5 Rg5 57. Qe7+ Kg8 58. Qe6+ Kf8 59. Qxh6+ 1-0